000 00873nam a22003017a 4500
003 CHAP
005 20220329140242.0
008 971013s1975 r 00010 d
010 _a49260
011 _a50232
035 _a54382
040 _cCHAP
082 _a025.4
_bV5 1975
100 0 0 _aVickerly, Brian Campbell.
_9119074
245 _aClassification and indexing in science
250 _a3 ed.
260 _aLondon :
_bButterworths,
_c1975
300 _a228 p.
590 _aBATCH-UPD
_b10
_c20130110
_lUCH01
_h1106
590 _aBATCH-UPD
_b10
_c20130410
_lUCH01
_h0658
590 _aBATCH-UPD
_b10
_c20130914
_lUCH01
_h0947
590 _aCONVERSION
_b10
_c20130109
_lUCH01
_h1327
650 1 4 _aClasificación de libros.
_923675
650 1 4 _aIndización.
_957676
901 _aBK
942 _cLIBRO
949 _a025.4 V5 1975
_bBC
_cB
_d-120027
_eB
_h60508
_i54382
_si
999 _c49260
_d49260